000
00322nam a2200133Ia 4500
008
191201s2008 xx 000 0 und d
082
_a
621
_b
MEP
100
_a
MEHTA, V K
245
0
_a
Principles of Electronics
260
_a
N.Delhi
_b
S Chand and Co. Ltd.
_c
2008
300
_a
619
650
_a
B.Tech(ECE)
942
_2
ddc
_c
BK
999
_c
848
_d
848